The presidentialisation thesis and parliamentary budget offices (Record no. 115007)

000 -LEADER
fixed length control field 00408pab a2200157 454500
008 - FIXED-LENGTH DATA ELEMENTS--GENERAL INFORMATION
fixed length control field 180718b2017 xxu||||| |||| 00| 0 eng d
100 ## - MAIN ENTRY--PERSONAL NAME
Personal name Chohan, Usman W.
245 ## - TITLE STATEMENT
Title The presidentialisation thesis and parliamentary budget offices
260 ## - PUBLICATION, DISTRIBUTION, ETC.
Date of publication, distribution, etc. 2017
300 ## - PHYSICAL DESCRIPTION
Extent p.361-376.
362 ## - DATES OF PUBLICATION AND/OR SEQUENTIAL DESIGNATION
Dates of publication and/or sequential designation Apr
650 ## - SUBJECT ADDED ENTRY--TOPICAL TERM
Topical term or geographic name entry element Presidents
700 ## - ADDED ENTRY--PERSONAL NAME
Personal name Jacobs, Kerry
773 ## - HOST ITEM ENTRY
Main entry heading Parliamentary Affairs
909 ## -
-- 115013
Holdings
Withdrawn status Lost status Damaged status Not for loan Permanent Location Current Location Date acquired Serial Enumeration / chronology Barcode Date last seen Price effective from Koha item type
        Indian Institute of Public Administration Indian Institute of Public Administration 2018-07-19 Volume no: 70, Issue no: 2 AR115473 2018-07-19 2018-07-19 Articles

Powered by Koha